| 000 -LEADER |
| fixed length control field |
00561nam a22001817a 4500 |
| 008 - FIXED-LENGTH DATA ELEMENTS--GENERAL INFORMATION |
| fixed length control field |
150520b xxu||||| |||| 00| 0 eng d |
| 020 ## - INTERNATIONAL STANDARD BOOK NUMBER |
| International Standard Book Number |
0374126461 : |
| 041 0# - LANGUAGE CODE |
| Language code of text/sound track or separate title |
eng |
| 080 ## - UNIVERSAL DECIMAL CLASSIFICATION NUMBER |
| Universal Decimal Classification number |
614.4 |
| 100 ## - Rafti |
| Rafti |
Garrett, Laurie. |
| 245 ## - TITLE STATEMENT |
| Title |
The coming plague : |
| Statement of responsibility, etc |
Laurie Garrett. |
| 260 ## - |
| -- |
New York : |
| -- |
Farrar, Straus and Giroux, |
| 300 ## - |
| -- |
750 f |
| -- |
25 cm. |
| 505 ## - |
| -- |
Index:f. 731-750 |
| 650 #0 - |
| -- |
Epidemitë |
| -- |
Punët e famshme |
| 650 #0 - |
| -- |
Sëmundjet e diskutueshme |
| -- |
Punët e famshme |
| 942 ## - ADDED ENTRY ELEMENTS (KOHA) |
| Source of classification or shelving scheme |
|
| Item type |
Books |